Online
Catalog

Estudios de gramática funcional del español / (Record no. 11483)

MARC details
000 -CABECERA
campo de control de longitud fija 01365cam a2200253 a 4500
001 - NÚMERO DE CONTROL
campo de control 000011809
005 - FECHA Y HORA DE LA ÚLTIMA TRANSACCIÓN
campo de control 20200929162556.0
008 - DATOS DE LONGITUD FIJA--INFORMACIÓN GENERAL
campo de control de longitud fija 711102s1973 sp b 001 0 spa
020 ## - NÚMERO INTERNACIONAL ESTÁNDAR DEL LIBRO
Número Internacional Estándar del Libro 8424904095
020 ## - NÚMERO INTERNACIONAL ESTÁNDAR DEL LIBRO
Número Internacional Estándar del Libro 8424904109
040 ## - FUENTE DE LA CATALOGACIÓN
Centro catalogador/agencia de origen DO-SdBNP
Lengua de catalogación spa
Centro/agencia transcriptor LC
Centro/agencia modificador BNPHU
082 ## - NÚMERO DE LA CLASIFICACIÓN DECIMAL DEWEY
Número de clasificación 415
Número de documento/Ítem A321e
049 ## - FONDOS LOCALES (OCLC)
Fondos de biblioteca BNGR
100 1# - ENTRADA PRINCIPAL--NOMBRE DE PERSONA
Nombre de persona Alarcos Llorach, Emilio.
9 (RLIN) 27912
245 10 - MENCIÓN DE TÍTULO
Título Estudios de gramática funcional del español /
Mención de responsabilidad, etc. Emilio Alarcos Llorach.
260 ## - PUBLICACIÓN, DISTRIBUCIÓN, ETC.
Lugar de publicación, distribución, etc. Madrid :
Nombre del editor, distribuidor, etc. Gredos,
Fecha de publicación, distribución, etc. 1973.
300 ## - DESCRIPCIÓN FÍSICA
Extensión 257 p. ;
Dimensiones 21 cm.
490 1# - MENCIÓN DE SERIE
Mención de serie Biblioteca Románica Hispánica :
-- II. Estudios y Ensayos,
Designación de volumen o secuencia 147
504 ## - NOTA DE BIBLIOGRAFÍA, ETC.
Nota de bibliografía, etc. Incluye referencias bibliográficas.
505 0# - NOTA DE CONTENIDO CON FORMATO
Nota de contenido con formato Prefacio -- Perfecto simple y compuesto -- Sobre la estructura del verbo español -- Las diátesis en español -- "Cantaría": modo, tiempo y aspecto -- Verbo transitivo, verbo intransitivo y estructura del predicado -- Pasividad y atribución en español -- Algunas construcciones del infinitivo -- Los pronombres personales -- Valores de /se/-- El artículo en español -- !"Lo fuertes que eran!" -- Español /que/-- "Un," el número y los indefinidos -- Aditamento, adverbio y cuestiones conexas -- Índice de términos y materias.
650 #4 - PUNTO DE ACCESO ADICIONAL DE MATERIA--TÉRMINO DE MATERIA
Término de materia o nombre geográfico como elemento de entrada Español
Subdivisión general Gramática
9 (RLIN) 3475
830 #0 - PUNTO DE ACCESO ADICIONAL DE SERIE-TÍTULO UNIFORME
Título uniforme Biblioteca Románica Hispánica :
Nombre de parte o sección de la obra II. Estudios y Ensayos,
Designación de volumen o secuencia 147
9 (RLIN) 8099
910 ## - DATOS DE OPCIÓN DEL USUARIO (OCLC)
Datos de opción del usuario Catalogación derivada
Holdings
Estado de retiro Estado de pérdida Restricciones de uso No para préstamo Código de colección Localización permanente Ubicación/localización actual Ubicación en estantería Fecha de adquisición Número de inventario Total de préstamos Signatura topográfica completa Código de barras Fecha visto por última vez Precio válido a partir de Tipo de ítem Koha
    Préstamo interno   Monografías: Libros y Folletos General General En catalogación 27.10.2009 LF1   415 A321e 11809-10 25.06.2020 25.06.2020 Préstamo interno

Powered by Koha